A second discovery of Hind's exploits : or a fuller relation of his ramble, robberies, and cheats in England, Ireland, Scotland, with his voyage to Holland. Wherein is set forth the notorious villanies of theeves and highway-men. Full of delight, and may serve as a guide to gentlemen and travellers, to avoyd their treacheries.

Bibliographic Details
Format: eBook
Language:English
Published: London : Printed for William Ley, and are to be sold at his shop at Pauls Chain, 1652 [id est 1651]
Series:Early English books online.
Subjects:
Online Access:Connect to the full text of this electronic book

MARC

Tag First Indicator Second Indicator Subfields
LEADER 00000nam a2200000 4500
001 in00004283021
005 20200813081621.0
006 m g d
007 cr bn |||a|bb|
008 940614s1651 enk o 00| | eng d
035 |a (UnM)99868167 
037 |a CL0051000006  |b ProQuest Information and Learning. 300 N. Zeeb Rd., Ann Arbor, MI 48106 
040 |a Cu-RivES  |c Cu-RivES  |d CStRLIN  |e dcrb  |d WaOLN 
245 0 2 |a A second discovery of Hind's exploits :  |b or a fuller relation of his ramble, robberies, and cheats in England, Ireland, Scotland, with his voyage to Holland. Wherein is set forth the notorious villanies of theeves and highway-men. Full of delight, and may serve as a guide to gentlemen and travellers, to avoyd their treacheries. 
246 2 |a Fuller relation of his ramble, robberies, and cheats in England, Ireland, Scotland, with his voyage to Holland. 
260 |a London :  |b Printed for William Ley, and are to be sold at his shop at Pauls Chain,  |c 1652 [id est 1651] 
300 |a 1 online resource ([6], 26, 33-40 pages :  |b illustrations. 
336 |a text  |b txt  |2 rdacontent 
337 |a computer  |b c  |2 rdamedia 
338 |a online resource  |b cr  |2 rdacarrier 
500 |a Frontis = illustrations. 
500 |a Annotation on Thomason copy: "Nou: 19 1651"; the 2 in the date has been crossed out. 
500 |a Reproduction of the original in the British Library. 
510 4 |a Wing (2nd edition)  |c S2274. 
510 4 |a Thomason  |c E.1349[1]. 
533 |a Electronic reproduction.  |b Ann Arbor, Mich. :  |c UMI,  |d 1999-  |f (Early English books online)  |n Digital version of: (Thomason Tracts ; 178:E1349[1])  |7 s1999 miun s 
600 1 0 |a Hind, James,  |d d. 1652  |v Early works to 1800. 
650 0 |a Brigands and robbers  |z England  |v Early works to 1800. 
830 0 |a Early English books online. 
856 4 0 |u http://proxy.library.tamu.edu/login?url=https://search.proquest.com/docview/2240956548  |z Connect to the full text of this electronic book  |t 0 
999 f f |s 1ecb5546-91c6-3b7d-aab7-7728f569ab96  |i 147423e8-8055-3706-9667-5ceeee2f6ac0  |t 0 
952 f f |a Texas A&M University  |b College Station  |c Electronic Resources  |d Available Online  |t 0  |h No information provided 
998 f f |t 0  |l Available Online